00497nam a2200193 a 4500001001300000003000900013005001700022008004100039020000900080082001800089100002400107245003500131260004200166300000900208500003500217505001000252650001700262700002400279nice12345678IN_TiNIC20260116012308.0050524s1979 dela grp 000 0 eng  ac8000a294.5513bKUM aKumarappa, Bharatan aHindu Conception of the Deity. aDelhibInter-India Publicationsc1979 a356p aincludes index and biblioraphy2 aIndex aGod-Hinduism1 aKumarappa, Bharatan